<?xml version="1.0" encoding="UTF-8"?>
<collection xmlns="http://www.loc.gov/MARC21/slim">
    <record>
        <controlfield tag="001">78033</controlfield>
        <controlfield tag="005">20190227103822.0</controlfield>
        <datafield tag="024" ind1="8" ind2=" ">
            <subfield code="2">sideral</subfield>
            <subfield code="a">109451</subfield>
        </datafield>
        <datafield tag="037" ind1=" " ind2=" ">
            <subfield code="a">ART-2017-109451</subfield>
        </datafield>
        <datafield tag="041" ind1=" " ind2=" ">
            <subfield code="a">eng</subfield>
        </datafield>
        <datafield tag="100" ind1=" " ind2=" ">
            <subfield code="0">(orcid)0000-0002-6303-1950</subfield>
            <subfield code="a">Pérez Moreno, Lucía Carmen</subfield>
            <subfield code="u">Universidad de Zaragoza</subfield>
        </datafield>
        <datafield tag="245" ind1=" " ind2=" ">
            <subfield code="a">Bilbao and the magazine Nueva Forma</subfield>
        </datafield>
        <datafield tag="260" ind1=" " ind2=" ">
            <subfield code="c">2017</subfield>
        </datafield>
        <datafield tag="506" ind1="0" ind2=" ">
            <subfield code="a">Access copy available to the general public</subfield>
            <subfield code="f">Unrestricted</subfield>
        </datafield>
        <datafield tag="520" ind1="3" ind2=" ">
            <subfield code="a">It was in the 1960s when architects interested in organizing the past had enough historical perspective to present different narratives for Spanish modern architecture. The different books published throughout this decade documented buildings that were clearly influenced by the language of the International Style. Many of these buildings are now regarded as masterful examples of Spanish architecture culture. The main scope of these books was style, with the aim to document—especially through photographs—and demonstrate that modernity was a reality in Spain. At the same time, geographical aspects were latent, but not explicit, in the organization of those books, essentially because of the location of the buildings that were selected to be published. Madrid and Barcelona were mainly the two cities represented, probably because there were only two schools of architecture in those years, one in each city. Therefore, the most relevant journals of architecture were also published in those cities: Revista Nacional de Arquitectura (later called Arquitectura) in Madrid, and Cuadernos de Arquitectura (later called Cuadernos de Arquitectura y Urbanismo) in Barcelona. In 1966, a new magazine of art and architecture titled Nueva Forma was founded. It is remarkable that architects from the Basque Country, and also Navarre, had significant roles in much of its issues. The director and editors of Nueva Forma identified this territory as a third cultural area of Spain, highlighting the history and the architecture of the city of Bilbao...</subfield>
        </datafield>
        <datafield tag="540" ind1=" " ind2=" ">
            <subfield code="9">info:eu-repo/semantics/openAccess</subfield>
            <subfield code="a">by-nc-nd</subfield>
            <subfield code="u">http://creativecommons.org/licenses/by-nc-nd/3.0/es/</subfield>
        </datafield>
        <datafield tag="655" ind1=" " ind2="4">
            <subfield code="a">info:eu-repo/semantics/article</subfield>
            <subfield code="v">info:eu-repo/semantics/publishedVersion</subfield>
        </datafield>
        <datafield tag="700" ind1=" " ind2=" ">
            <subfield code="a">Martínez Litago, Elena</subfield>
        </datafield>
        <datafield tag="710" ind1="2" ind2=" ">
            <subfield code="1">5010</subfield>
            <subfield code="2">100</subfield>
            <subfield code="a">Universidad de Zaragoza</subfield>
            <subfield code="b">Unidad Predepartam. Arquitect.</subfield>
            <subfield code="c">Área Composición Arquitectónic</subfield>
        </datafield>
        <datafield tag="773" ind1=" " ind2=" ">
            <subfield code="g">30-31 (2017), 74-89</subfield>
            <subfield code="p">MAS Context</subfield>
            <subfield code="t">MAS Context</subfield>
            <subfield code="x">2379-4763</subfield>
        </datafield>
        <datafield tag="856" ind1="4" ind2="1">
            <subfield code="u">http://www.mascontext.com/issues/30-31-bilbao/bilbao-and-the-magazine-nueva-forma/</subfield>
            <subfield code="z">Texto completo de la revista</subfield>
        </datafield>
        <datafield tag="856" ind1="4" ind2=" ">
            <subfield code="s">1327330</subfield>
            <subfield code="u">http://zaguan.unizar.es/record/78033/files/texto_completo.pdf</subfield>
            <subfield code="y">Versión publicada</subfield>
        </datafield>
        <datafield tag="856" ind1="4" ind2=" ">
            <subfield code="s">70130</subfield>
            <subfield code="u">http://zaguan.unizar.es/record/78033/files/texto_completo.jpg?subformat=icon</subfield>
            <subfield code="x">icon</subfield>
            <subfield code="y">Versión publicada</subfield>
        </datafield>
        <datafield tag="909" ind1="C" ind2="O">
            <subfield code="o">oai:zaguan.unizar.es:78033</subfield>
            <subfield code="p">articulos</subfield>
            <subfield code="p">driver</subfield>
        </datafield>
        <datafield tag="951" ind1=" " ind2=" ">
            <subfield code="a">2019-02-27-10:21:01</subfield>
        </datafield>
        <datafield tag="980" ind1=" " ind2=" ">
            <subfield code="a">ARTICLE</subfield>
        </datafield>
    </record>

    
</collection>